Statistics for Howard Hawks Films

Click here to take the quiz!

General Stats

  • This quiz has been taken 59 times
  • The average score is 12 of 46

Answer Stats

YearFilm% Correct
1959Rio Bravo
83%
1938Bringing Up Baby
80%
1940His Girl Friday
80%
1946The Big Sleep
80%
1932Scarface
73%
1948Red River
68%
1944To Have and Have Not
68%
1970Rio Lobo
61%
1966El Dorado
59%
1953Gentlemen Prefer Blondes
46%
1962Hatari!
46%
1939Only Angels Have Wings
46%
1952Monkey Business
44%
1941Ball of Fire
41%
1951*The Thing from Another World
32%
1949I Was a Male War Bride
29%
1928A Girl in Every Port
27%
1955Land of the Pharaohs
24%
1964Man's Favorite Sport?
24%
1965Red Line 7000
24%
1941Sergeant York
24%
1952The Big Sky
22%
1943Air Force
17%
1934Twentieth Century
15%
1943*The Outlaw
7%
1935Barbary Coast
5%
1936Come and Get It
5%
1930The Dawn Patrol
5%
1933Today We Live
5%
1948A Song is Born
2%
1936Ceiling Zero
2%
1943*Corvette K-225
2%
1928Fazil
2%
1926Fig Leaves
2%
1932La foule hurle
2%
1927Paid to Love
2%
1928The Air Circus
2%
1927The Cradle Snatchers
2%
1931*The Criminal Code
2%
1932The Crowd Roars
2%
1933*The Prizefighter and the Lady
2%
1926The Road to Glory
2%
1936The Road to Glory
2%
1932Tiger Shark
2%
1929Trent's Last Case
2%
1934*Viva Villa!
2%

Score Distribution

Percentile by Number Answered

Percent of People with Each Score

Your Score History

You have not taken this quiz